[Event "III Memorial Oliver Gonzalez (Torneo A)"]
[Site "Polideportivo Daoiz y Velarde,"]
[Date "2012.09.02"]
[Round "2"]
[White "Roa Alonso, Santiago"]
[Black "Aranaz Murillo, Amalia"]
[Result "0-1"]
[WhiteElo "2426"]
[BlackElo "2213"]
[PlyCount "118"]
[EventDate "2012.09.01"]
[EventRounds "9"]
[EventCountry "ESP"]

1. e4 e6 2. d4 d5 3. Nc3 Nf6 4. e5 Nfd7 5. f4 c5 6. Nf3 Nc6 7. Be3 cxd4 8. Nxd4
Bc5 9. Qd2 O-O 10. O-O-O a6 11. g3 Nxd4 12. Bxd4 b5 13. Bxc5 Nxc5 14. Qd4 Qb6
15. a3 Rb8 16. h4 b4 17. axb4 Qxb4 18. Qxb4 Rxb4 19. Na2 Rb6 20. Bd3 Bd7 21. b3
Rc8 22. Kb2 a5 23. Rh2 Ra8 24. Kc3 Bb5 25. Kd4 Rc8 26. Bxb5 Rxb5 27. Re2 a4 28.
b4 Ne4 29. Rd3 Rc4+ 30. Ke3 Nxg3 31. Rf2 Nf5+ 32. Kd2 Nd4 33. Rc3 Rxc3 34. Kxc3
Nc6 35. Rf1 h6 36. Rg1 g6 37. Rb1 f6 38. exf6 Kf7 39. Kd3 Kxf6 40. c4 dxc4+ 41.
Kxc4 Rf5 42. b5 Rxf4+ 43. Kc5 Ne5 44. b6 Nd7+ 45. Kd6 Nxb6 46. Rxb6 Rxh4 47.
Ra6 Rc4 48. Ra8 h5 49. Rf8+ Kg5 50. Kxe6 Rc2 51. Nb4 Re2+ 52. Kd5 h4 53. Nd3 h3
54. Rh8 h2 55. Ne5 a3 56. Nf3+ Kf4 57. Nxh2 a2 58. Rf8+ Kg3 59. Nf1+ Kg2 0-1

[Event "III Memorial Oliver Gonzalez (Torneo A)"]
[Site "Polideportivo Daoiz y Velarde,"]
[Date "2012.09.02"]
[Round "2"]
[White "Ciuro Muñoz, Ricardo"]
[Black "Espinosa Aranda, Angel"]
[Result "0-1"]
[WhiteElo "2102"]
[BlackElo "2422"]
[PlyCount "64"]
[EventDate "2012.09.01"]
[EventRounds "9"]
[EventCountry "ESP"]

1. Nf3 c5 2. c4 g6 3. g3 Bg7 4. Bg2 Nc6 5. Nc3 e6 6. O-O Nge7 7. e3 O-O 8. d4
d6 9. a3 Na5 10. b3 b6 11. Qc2 Bb7 12. dxc5 bxc5 13. Rb1 Rb8 14. Rd1 a6 15. Ne2
Qc7 16. Bb2 Bxf3 17. Bxf3 Rxb3 18. Bxg7 Rxb1 19. Rxb1 Kxg7 20. h4 Nac6 21. h5
Rb8 22. Rd1 Ne5 23. Bg2 Qa5 24. Qe4 Qc7 25. Qh4 Nf5 26. Qe4 Rb2 27. Nf4 Qb6 28.
Bh3 Qb7 29. Bxf5 gxf5 30. Qxb7 Rxb7 31. Rxd6 a5 32. Nd3 Rb1+ 0-1

[Event "III Memorial Oliver Gonzalez (Torneo A)"]
[Site "Polideportivo Daoiz y Velarde,"]
[Date "2012.09.02"]
[Round "2"]
[White "Santos Ruiz, Miguel"]
[Black "Valles Moreno, Ivan"]
[Result "0-1"]
[WhiteElo "2050"]
[BlackElo "2385"]
[PlyCount "94"]
[EventDate "2012.09.01"]
[EventRounds "9"]
[EventCountry "ESP"]

1. e4 e5 2. Nf3 Nc6 3. Bb5 a6 4. Ba4 Nf6 5. d3 d6 6. c3 Be7 7. O-O b5 8. Bc2
O-O 9. Re1 d5 10. Nbd2 dxe4 11. dxe4 Be6 12. Qe2 Bc5 13. Nf1 Bc4 14. Qd1 Qe7
15. Be3 Rfd8 16. N3d2 Rd7 17. Qf3 Be6 18. h3 Bxe3 19. Qxe3 Na5 20. b4 Nc6 21.
a4 Rb8 22. axb5 axb5 23. Nb3 Rd6 24. Nc5 Bc8 25. Nd2 Nh5 26. Nd3 Qf6 27. Nb3
Nf4 28. Nbc5 Qg5 29. g3 Nxh3+ 30. Kg2 Rf6 31. Qxg5 Nxg5 32. f4 Nh3 33. fxe5
Nxe5 34. Nxe5 Rf2+ 35. Kh1 Rxc2 36. Nc6 Bg4 37. Re3 Re8 38. Nd4 Rf2 39. Nd3 Rd2
40. Ne5 h5 41. Nxg4 hxg4 42. e5 g6 43. Nxb5 Kg7 44. Nxc7 Rh8 45. Rf1 Ng5+ 46.
Kg1 Rhh2 47. Rf6 Nh3+ 0-1

[Event "III Memorial Oliver Gonzalez (Torneo A)"]
[Site "Polideportivo Daoiz y Velarde,"]
[Date "2012.09.02"]
[Round "2"]
[White "Lopez Mulet, Inigo"]
[Black "Santos, Jose Alves"]
[Result "0-1"]
[WhiteElo "2019"]
[BlackElo "2265"]
[PlyCount "52"]
[EventDate "2012.09.01"]
[EventRounds "9"]
[EventCountry "ESP"]

1. d4 d5 2. c4 e5 3. dxe5 d4 4. a3 Nc6 5. Nf3 Bg4 6. b4 Bxf3 7. gxf3 Nxe5 8.
Bb2 Qe7 9. Bg2 O-O-O 10. f4 Ng6 11. Bxd4 Nxf4 12. Bf3 Ne6 13. Bg4 Nh6 14. Bxe6+
fxe6 15. Qd3 Qh4 16. e4 e5 17. Nd2 Rxd4 18. Qe2 Be7 19. Rg1 Qf4 20. O-O-O Bg5
21. f3 Rhd8 22. Rg2 Rxd2 23. Rxd2 Rxd2 24. Qxd2 Qxd2+ 25. Rxd2 Nf7 26. Kc2 Bxd2
0-1

[Event "III Memorial Oliver Gonzalez (Torneo A)"]
[Site "Polideportivo Daoiz y Velarde,"]
[Date "2012.09.02"]
[Round "2"]
[White "Hernandez Carmenates, Holden"]
[Black "Martin Martin, Luis Vicente"]
[Result "1-0"]
[WhiteElo "2561"]
[BlackElo "2069"]
[PlyCount "59"]
[EventDate "2012.09.01"]
[EventRounds "9"]
[EventCountry "ESP"]

1. d4 d5 2. c4 c6 3. Nf3 Nf6 4. Qb3 g6 5. Nc3 Bg7 6. cxd5 cxd5 7. Bg5 Ne4 8.
Qxd5 Qxd5 9. Nxd5 Nxg5 10. Nxg5 Na6 11. e3 e6 12. Bxa6 exd5 13. Bb5+ Ke7 14.
Rc1 Be6 15. Rc7+ Kd6 16. Nxe6 Kxe6 17. Kd2 Rhd8 18. Rhc1 Rab8 19. g3 Bf8 20.
Bf1 Rd7 21. Bh3+ f5 22. f3 Bd6 23. Rxd7 Kxd7 24. e4 dxe4 25. fxe4 Be7 26. Kd3
Rf8 27. e5 Bg5 28. Rc3 Rc8 29. Rxc8 Kxc8 30. g4 1-0

[Event "III Memorial Oliver Gonzalez (Torneo A)"]
[Site "Polideportivo Daoiz y Velarde,"]
[Date "2012.09.02"]
[Round "2"]
[White "Almagro Llamas, Pablo"]
[Black "Madurga Lopez, Ignacio"]
[Result "1-0"]
[WhiteElo "2455"]
[BlackElo "2052"]
[PlyCount "85"]
[EventDate "2012.09.01"]
[EventRounds "9"]
[EventCountry "ESP"]

1. d4 Nf6 2. Nf3 g6 3. c4 Bg7 4. Nc3 O-O 5. e4 d6 6. Be2 e5 7. O-O Na6 8. d5
Nc5 9. Qc2 a5 10. Be3 Ng4 11. Bxc5 dxc5 12. Ne1 f5 13. Bxg4 fxg4 14. Nd3 b6 15.
a3 Qe7 16. b4 axb4 17. axb4 Rxa1 18. Rxa1 cxb4 19. Nb5 Bb7 20. Ra7 Rb8 21. Qb3
h5 22. d6 cxd6 23. c5+ Kh7 24. c6 Ra8 25. Rxa8 Bxa8 26. Nxb4 d5 27. exd5 Qc5
28. Nd3 Qf8 29. Qa3 Qd8 30. Ne1 Qxd5 31. Qxa8 Qxb5 32. c7 Qe2 33. g3 Qxe1+ 34.
Kg2 e4 35. Qa3 Bd4 36. Qe7+ Kh6 37. Qf8+ Bg7 38. Qf4+ g5 39. Qf5 h4 40. gxh4
gxh4 41. c8=Q h3+ 42. Kg3 Be5+ 43. Kh4 1-0

[Event "III Memorial Oliver Gonzalez (Torneo A)"]
[Site "Polideportivo Daoiz y Velarde,"]
[Date "2012.09.02"]
[Round "2"]
[White "Montoya Pecurul, Marc"]
[Black "Ruiz Sanchez, Orlen"]
[Result "0-1"]
[WhiteElo "1925"]
[BlackElo "2422"]
[PlyCount "48"]
[EventDate "2012.09.01"]
[EventRounds "9"]
[EventCountry "ESP"]

1. e4 c5 2. Nf3 d6 3. d4 cxd4 4. Nxd4 Nf6 5. Nc3 a6 6. Bc4 e6 7. Bb3 Be7 8. O-O
O-O 9. Be3 b5 10. a3 Bb7 11. Bxe6 fxe6 12. Nxe6 Qe8 13. Bd4 Rf7 14. Nc7 Qd7 15.
Nxa8 Bxa8 16. Re1 Nc6 17. Rb1 Nxd4 18. Qxd4 Qc6 19. h3 Bd8 20. Rbd1 Bb6 21. Qd2
Nh5 22. Kh2 Bxf2 23. Rf1 Qc5 24. Qxd6 Qxd6+ 0-1

[Event "III Memorial Oliver Gonzalez (Torneo A)"]
[Site "Polideportivo Daoiz y Velarde,"]
[Date "2012.09.02"]
[Round "2"]
[White "Martin Duque, Jesus"]
[Black "Laynez Aspenberg, Jose"]
[Result "1-0"]
[WhiteElo "2261"]
[BlackElo "1915"]
[PlyCount "69"]
[EventDate "2012.09.01"]
[EventRounds "9"]
[EventCountry "ESP"]

1. e4 d5 2. exd5 Qxd5 3. Nc3 Qa5 4. d4 Nf6 5. Bc4 Bf5 6. Bd2 c6 7. Nf3 e6 8.
Nd5 Qd8 9. Nxf6+ gxf6 10. Bb3 Qc7 11. Qe2 Nd7 12. O-O-O O-O-O 13. Nh4 Bg6 14.
g3 Bd6 15. Ng2 Rhe8 16. h4 h5 17. Nf4 Bxf4 18. Bxf4 e5 19. dxe5 fxe5 20. Bg5 f6
21. Be3 Kb8 22. g4 hxg4 23. Qxg4 Bh7 24. h5 f5 25. Qg7 Nb6 26. h6 Nd5 27. Qxc7+
Kxc7 28. Rhg1 f4 29. Bxa7 Rg8 30. Bc5 f3 31. Rxg8 Bxg8 32. c4 Nf4 33. Bb6+ Kxb6
34. Rxd8 Ne2+ 35. Kd2 1-0

[Event "III Memorial Oliver Gonzalez (Torneo A)"]
[Site "Polideportivo Daoiz y Velarde,"]
[Date "2012.09.02"]
[Round "2"]
[White "Vega Gomez, Francisco Borja"]
[Black "Ananian, Arman"]
[Result "1-0"]
[WhiteElo "2220"]
[BlackElo "1866"]
[PlyCount "103"]
[EventDate "2012.09.01"]
[EventRounds "9"]
[EventCountry "ESP"]

1. Nf3 Nf6 2. g3 g6 3. Bg2 Bg7 4. O-O O-O 5. d4 d6 6. Nc3 Nbd7 7. e4 e5 8. h3
c6 9. a4 Qe8 10. a5 Nh5 11. d5 Qe7 12. a6 Nb6 13. axb7 Bxb7 14. dxc6 Bxc6 15.
Nd2 f5 16. exf5 Bxg2 17. Kxg2 Rxf5 18. Nde4 Rd8 19. Nd5 Qb7 20. Nxb6 axb6 21.
f3 d5 22. c4 d4 23. Qd3 h6 24. Bd2 Kh7 25. g4 Nf4+ 26. Bxf4 Rxf4 27. b4 Bf8 28.
Rfb1 Be7 29. c5 Rdf8 30. cxb6 Rxf3 31. Qxf3 Rxf3 32. Kxf3 Qxb6 33. b5 d3 34.
Rb3 Qe6 {(=)} 35. Rxd3 Qf7+ 36. Ke2 Qf4 37. Ra4 h5 38. Rd7 hxg4 39. Rxe7+ Kh6
40. hxg4 Qxg4+ 41. Kd2 Qg2+ 42. Kc3 Qf3+ 43. Kc2 Qe2+ 44. Nd2 Qxb5 {(=)} 45.
Rh4+ Kg5 46. Rxe5+ Qxe5 47. Nf3+ Kf5 48. Nxe5 Kxe5 49. Kd3 g5 50. Ra4 Kf5 51.
Ke3 g4 52. Kf2 1-0

[Event "III Memorial Oliver Gonzalez (Torneo A)"]
[Site "Polideportivo Daoiz y Velarde,"]
[Date "2012.09.02"]
[Round "2"]
[White "Alvarez Abejon, Amilcar"]
[Black "Fernandez Blazquez, Diego"]
[Result "1-0"]
[WhiteElo "2105"]
[BlackElo "2215"]
[PlyCount "33"]
[EventDate "2012.09.01"]
[EventRounds "9"]
[EventCountry "ESP"]

1. e4 c5 2. Nf3 d6 3. d4 cxd4 4. Nxd4 Nf6 5. Nc3 a6 6. Be2 e6 7. O-O Be7 8. Be3
O-O 9. f4 Qc7 10. g4 Nc6 11. g5 Nd7 12. Bd3 Nxd4 13. Bxd4 Re8 14. Qh5 g6 15.
Qh4 b5 16. Rf3 b4 17. Qxh7+ 1-0

[Event "III Memorial Oliver Gonzalez (Torneo A)"]
[Site "Polideportivo Daoiz y Velarde,"]
[Date "2012.09.02"]
[Round "2"]
[White "Martin Prior, Francisco Jose"]
[Black "Barez Menendez, Hector"]
[Result "0-1"]
[WhiteElo "1867"]
[BlackElo "2167"]
[PlyCount "60"]
[EventDate "2012.09.01"]
[EventRounds "9"]
[EventCountry "ESP"]

1. d4 d5 2. c4 c6 3. Nc3 e6 4. Nf3 f5 5. Bg5 Nf6 6. Qb3 Be7 7. e3 O-O 8. Bd3
Ne4 9. Bxe7 Qxe7 10. Ne5 Nd7 11. Nxd7 Bxd7 12. O-O Nd2 13. Qxb7 Nxf1 14. Rxf1
Rfb8 15. Qc7 Rxb2 16. cxd5 Rc8 17. Qe5 cxd5 18. Nxd5 Qf7 19. Nf4 Rxa2 20. Rb1
g5 21. Ne2 Ra3 22. Bb5 Ra5 23. Bxd7 Rxe5 24. Bxc8 Ra5 25. h4 h6 26. Nc1 Qe8 27.
Rb8 Kg7 28. Rb7+ Kf6 29. Bd7 Qa8 30. Rc7 Qd8 0-1

[Event "III Memorial Oliver Gonzalez (Torneo A)"]
[Site "Polideportivo Daoiz y Velarde,"]
[Date "2012.09.02"]
[Round "2"]
[White "Blanco Sanchez, Jose Fernando"]
[Black "Aranda Marin, Cristian"]
[Result "0-1"]
[WhiteElo "2107"]
[BlackElo "2328"]
[PlyCount "86"]
[EventDate "2012.09.01"]
[EventRounds "9"]
[EventCountry "ESP"]

1. e4 c5 2. Nf3 e6 3. c3 Nf6 4. e5 Nd5 5. d4 cxd4 6. Bc4 Nb6 7. Bb3 Nc6 8. O-O
d5 9. Bg5 Be7 10. Bxe7 Qxe7 11. cxd4 Bd7 12. Nc3 Rc8 13. a3 O-O 14. Bc2 a6 15.
h4 f5 16. exf6 gxf6 17. Re1 Qd6 18. Qd2 Rf7 19. Ne2 Nc4 20. Qh6 Qf8 21. Qxf8+
Kxf8 22. Nf4 Nd8 23. Ra2 Nd2 24. Nxd2 Rxc2 25. Nf3 Bc8 26. Nd3 b6 27. Raa1 Rfc7
28. Rac1 a5 29. Rxc2 Rxc2 30. Rc1 Rxc1+ 31. Nxc1 Ba6 32. Na2 Be2 33. Nc3 Bxf3
34. gxf3 Nc6 35. Nb5 Kg7 36. f4 Kg6 37. Kg2 Kh5 38. Kg3 Kg6 39. Kf3 h5 40. Kg3
Ne7 41. Nd6 Nf5+ 42. Nxf5 Kxf5 43. Kf3 a4 0-1

[Event "III Memorial Oliver Gonzalez (Torneo A)"]
[Site "Polideportivo Daoiz y Velarde,"]
[Date "2012.09.02"]
[Round "2"]
[White "Spitzer Isbert, Ramon"]
[Black "Horcajada Reales, Guillermo"]
[Result "0-1"]
[WhiteElo "2078"]
[BlackElo "2207"]
[PlyCount "60"]
[EventDate "2012.09.01"]
[EventRounds "9"]
[EventCountry "ESP"]

1. e4 e6 2. d3 d5 3. Nd2 Nf6 4. g3 dxe4 5. dxe4 b6 6. Bg2 Bb7 7. Ne2 Nbd7 8.
O-O e5 9. Nc3 c6 10. Qe2 Qc7 11. Qc4 Nc5 12. b4 b5 13. Qe2 Ne6 14. a3 Nd4 15.
Qd3 a5 16. Rb1 Be7 17. Ne2 Rd8 18. Nxd4 Rxd4 19. Qc3 axb4 20. axb4 O-O 21. Re1
Re8 22. Bf1 Qd6 23. Nb3 Qxb4 24. Bb2 Rxe4 25. Na5 Ba8 26. Bg2 Qxc3 27. Bxc3
Rxe1+ 28. Rxe1 Bd6 29. Bd2 c5 30. Bf1 c4 0-1

[Event "III Memorial Oliver Gonzalez (Torneo A)"]
[Site "Polideportivo Daoiz y Velarde,"]
[Date "2012.09.02"]
[Round "2"]
[White "Angelina Vela, Carlos"]
[Black "De La Fuente Gonzalez, Francisc"]
[Result "0-1"]
[WhiteElo "2013"]
[BlackElo "2203"]
[PlyCount "62"]
[EventDate "2012.09.01"]
[EventRounds "9"]
[EventCountry "ESP"]

1. c4 c5 2. Nc3 Nf6 3. g3 d5 4. cxd5 Nxd5 5. Bg2 Nc7 6. Nf3 Nc6 7. O-O e5 8. d3
Be7 9. Be3 O-O 10. Nd2 Nd4 11. Rc1 Rb8 12. Nce4 b6 13. Nc4 f6 14. Bxd4 exd4 15.
a4 f5 16. Ned2 Bf6 17. Qb3 Be6 18. Qa3 Re8 19. e4 dxe3 20. Nxe3 Qd4 21. Ndc4
Rbd8 22. Rfd1 f4 23. gxf4 Qxf4 24. b4 Bd4 25. bxc5 bxc5 26. Re1 Rf8 27. Re2 Rf6
28. Rf1 Rg6 29. Qc1 Qf3 30. Rfe1 Bh3 31. Nd2 Rxg2+ 0-1

[Event "III Memorial Oliver Gonzalez (Torneo A)"]
[Site "Polideportivo Daoiz y Velarde,"]
[Date "2012.09.02"]
[Round "2"]
[White "Castellanos, Jorge"]
[Black "Ginesta Caballero, Olga Lucia"]
[Result "0-1"]
[WhiteElo "2201"]
[BlackElo "2099"]
[PlyCount "66"]
[EventDate "2012.09.01"]
[EventRounds "9"]
[EventCountry "ESP"]

1. e4 c5 2. Nf3 g6 3. c4 Nc6 4. Be2 Bg7 5. O-O d6 6. h3 Nf6 7. Nc3 O-O 8. d4
cxd4 9. Nxd4 Nxe4 10. Nxc6 Nxc3 11. Nxe7+ Qxe7 12. bxc3 Bxc3 13. Rb1 Be6 14.
Bh6 Rfe8 15. Rb3 Be5 16. f4 Bh8 17. f5 Bxf5 18. Bf3 Qh4 19. Qd2 Qxc4 20. Bxb7
Bd4+ 21. Kh2 Be5+ 22. Kg1 Qd4+ 23. Qxd4 Bxd4+ 24. Kh1 Rab8 25. Bf4 Be5 26. Be3
Be6 27. Bc6 Bxb3 28. axb3 Re7 29. Bd5 Kg7 30. g4 Rc8 31. Bc4 a5 32. Rc1 Bb2 33.
Re1 Rce8 0-1

[Event "III Memorial Oliver Gonzalez (Torneo A)"]
[Site "Polideportivo Daoiz y Velarde,"]
[Date "2012.09.02"]
[Round "2"]
[White "Montañes Arribas, Adrian"]
[Black "Moreno Ibañez, Miguel"]
[Result "1-0"]
[WhiteElo "2200"]
[BlackElo "2093"]
[PlyCount "93"]
[EventDate "2012.09.01"]
[EventRounds "9"]
[EventCountry "ESP"]

1. e4 c5 2. Nf3 d6 3. d4 cxd4 4. Nxd4 Nc6 5. Nc3 e5 6. Ndb5 a6 7. Na3 b5 8. Nd5
Nce7 9. Nxe7 Bxe7 10. c4 Nf6 11. Bd3 Bb7 12. Qe2 O-O 13. O-O bxc4 14. Nxc4 d5
15. exd5 Qxd5 16. Ne3 Qc6 17. Qc2 Bc5 18. Bd2 Rfd8 19. Rac1 Bxe3 20. Qxc6 Bxf2+
21. Rxf2 Bxc6 22. Bg5 Rd6 23. Bxf6 gxf6 24. Bf1 Be4 25. b4 Rb8 26. a3 Rb7 27.
Re2 Bg6 28. Re3 h5 29. Rec3 Rbb6 30. Rc5 e4 31. Kf2 Rd2+ 32. Ke3 Ra2 33. R5c3
f5 34. h4 Rd6 35. g3 Rdd2 36. Bxa6 Rf2 37. b5 Rf3+ 38. Kd4 Rxa3 39. Rxa3 Rxa3
40. Rc3 Ra4+ 41. Kc5 Kg7 42. b6 Ra5+ 43. Bb5 Ra8 44. b7 Rd8 45. Kb6 f4 46. gxf4
Bf5 47. Kc7 1-0

[Event "III Memorial Oliver Gonzalez (Torneo A)"]
[Site "Polideportivo Daoiz y Velarde,"]
[Date "2012.09.02"]
[Round "2"]
[White "Corisco Beltran, Rafael"]
[Black "Rodrigo Yanguas, Maria"]
[Result "0-1"]
[WhiteElo "1979"]
[BlackElo "2171"]
[PlyCount "80"]
[EventDate "2012.09.01"]
[EventRounds "9"]
[EventCountry "ESP"]

1. e4 e6 2. d4 d5 3. Nc3 Nf6 4. e5 Nfd7 5. f4 c5 6. Nf3 Nc6 7. Be3 a6 8. Qd2 b5
9. a3 Bb7 10. Ne2 Qc7 11. dxc5 Bxc5 12. Ned4 O-O-O 13. b4 Be7 14. a4 Bxb4 15.
c3 Ba5 16. axb5 Ncxe5 17. bxa6 Nxf3+ 18. Nxf3 Ba8 19. Bd4 f6 20. Bb5 g5 21.
Bxd7+ Rxd7 22. Bxf6 d4 23. Rxa5 Qxa5 24. cxd4 Qa1+ 25. Kf2 Qxh1 26. Bxh8 g4 27.
Ne1 Qxh2 28. Qc3+ Rc7 29. Qe3 Qh6 30. Be5 Rc6 31. Qb3 Qh4+ 32. Ke2 Qd8 33. Qb8+
Kd7 34. Qa7+ Ke8 35. Qxh7 Rxa6 36. Qg8+ Kd7 37. Qxg4 Ra2+ 38. Ke3 Qa5 39. Qd1
Ra1 40. Qd2 Rxe1+ 0-1

[Event "III Memorial Oliver Gonzalez (Torneo A)"]
[Site "Polideportivo Daoiz y Velarde,"]
[Date "2012.09.02"]
[Round "2"]
[White "Gonzalez Mateos, Rafael"]
[Black "Tipter, Napoleon"]
[Result "1-0"]
[WhiteElo "2161"]
[BlackElo "2002"]
[PlyCount "57"]
[EventDate "2012.09.01"]
[EventRounds "9"]
[EventCountry "ESP"]

1. d4 d5 2. c3 c5 3. dxc5 e6 4. b4 a5 5. Bb2 b6 6. e3 bxc5 7. b5 Nd7 8. a4 Nb6
9. c4 Nf6 10. Nd2 Be7 11. Ngf3 O-O 12. Be2 Bb7 13. O-O Nfd7 14. Rc1 Rc8 15. Bc3
Bf6 16. Bxa5 Ra8 17. Nb3 Qe7 18. Bxb6 Nxb6 19. a5 dxc4 20. Rxc4 Nxc4 21. Bxc4
Rfd8 22. Qe2 Bd5 23. Rc1 Bb2 24. Bxd5 Bxc1 25. Bxa8 Rxa8 26. b6 Qb7 27. Qb5 Ba3
28. h3 h6 29. Ne5 1-0

[Event "III Memorial Oliver Gonzalez (Torneo A)"]
[Site "Polideportivo Daoiz y Velarde,"]
[Date "2012.09.02"]
[Round "2"]
[White "Vazquez Torres, Adrian"]
[Black "Lopez Moll, Jose Manuel"]
[Result "1-0"]
[WhiteElo "2149"]
[BlackElo "1991"]
[PlyCount "83"]
[EventDate "2012.09.01"]
[EventRounds "9"]
[EventCountry "ESP"]

1. e4 e5 2. Nf3 Nc6 3. Bb5 a6 4. Ba4 Nf6 5. O-O b5 6. Bb3 Bc5 7. a4 Bb7 8. c3
d6 9. d4 Bb6 10. axb5 axb5 11. Rxa8 Qxa8 12. Na3 O-O 13. Re1 exd4 14. Nxb5 dxc3
15. Nxc3 Ng4 16. Be3 Nxe3 17. fxe3 Qd8 18. Bd5 Ba8 19. Qe2 Ne7 20. Bb3 Ng6 21.
Rf1 c6 22. Kh1 Bb7 23. Rd1 Qe7 24. Nd4 Bc7 25. Nf5 Qe5 26. Qh5 Bc8 27. Rf1 Be6
28. Bd1 Rb8 29. Rf2 d5 30. Nd4 Bd7 31. Qxe5 Bxe5 32. exd5 c5 33. Nc6 Rb6 34.
Nxe5 Nxe5 35. h3 Nd3 36. Rd2 Nxb2 37. Be2 c4 38. e4 f6 39. Kh2 Rb3 40. Rc2 Nd3
41. d6 Ne1 42. Bxc4+ 1-0

[Event "III Memorial Oliver Gonzalez (Torneo A)"]
[Site "Polideportivo Daoiz y Velarde,"]
[Date "2012.09.02"]
[Round "2"]
[White "Largo Barbero, Benito"]
[Black "Collado Barbas, Laura"]
[Result "0-1"]
[WhiteElo "1885"]
[BlackElo "2149"]
[PlyCount "116"]
[EventDate "2012.09.01"]
[EventRounds "9"]
[EventCountry "ESP"]

1. e4 e6 2. d4 d5 3. Nc3 Nc6 4. Nf3 Nf6 5. Bg5 Be7 6. e5 Ne4 7. Bxe7 Qxe7 8.
Bd3 Qb4 9. O-O Nxc3 10. bxc3 Qxc3 11. Rb1 h6 12. Re1 Na5 13. Bb5+ Nc6 14. Re3
Qa5 15. a3 Bd7 16. Bf1 Nd8 17. Ne1 c5 18. Qg4 Rg8 19. Nd3 cxd4 20. Rh3 Qxa3 21.
Nf4 Qf8 22. Bd3 Nc6 23. Rxb7 Nxe5 24. Qe2 Qd6 25. Ba6 Nc6 26. Nh5 Na5 27. Rb1
e5 28. Rg3 g6 29. Bb5 Nc6 30. Qf3 e4 31. Qf6 Qxf6 32. Nxf6+ Ke7 33. Nxg8+ Rxg8
34. Ra3 {(=)} Rb8 35. Rab3 Na5 36. Rb4 Kd6 37. Bxd7 Rxb4 38. Rxb4 Kxd7 39. Ra4
{(=)} Nc6 40. Kf1 Kd6 41. Ke2 Kc5 42. Ra3 a5 43. h3 Kb5 44. Rb3+ Nb4 45. Kd2 a4
46. Ra3 Nc6 47. c3 Na5 48. Kc2 Nc4 49. Ra1 d3+ 50. Kb1 Nb6 51. Ra3 f5 52. Kc1
f4 53. Ra2 e3 54. fxe3 fxe3 55. Rb2+ Kc5 56. Kd1 a3 57. Ra2 Nc4 58. g4 Nb2+ 0-1

[Event "III Memorial Oliver Gonzalez (Torneo A)"]
[Site "Polideportivo Daoiz y Velarde,"]
[Date "2012.09.02"]
[Round "2"]
[White "Dierssen Garcia-Barredo, Guill"]
[Black "Gomez Gonzalez, Javier"]
[Result "0-1"]
[WhiteElo "1862"]
[BlackElo "2137"]
[PlyCount "68"]
[EventDate "2012.09.01"]
[EventRounds "9"]
[EventCountry "ESP"]

1. d4 Nf6 2. c4 e6 3. Nc3 b6 4. e4 d6 5. Bd3 c5 6. e5 cxd4 7. Ne4 Nxe4 8. Bxe4
d5 9. Bf3 Nc6 10. Bf4 Bb4+ 11. Bd2 Bxd2+ 12. Qxd2 Nxe5 13. Qxd4 Nxf3+ 14. Nxf3
O-O 15. O-O-O Qc7 16. Kb1 Qxc4 17. Qe5 Qe4+ 18. Qxe4 dxe4 19. Ng5 f5 20. Rd6
Re8 21. Rc1 h6 22. Nh3 Kf7 23. Nf4 g5 24. Ne2 Ba6 25. Nd4 Bd3+ 26. Ka1 Rad8 27.
Rxd8 Rxd8 28. Rc7+ Kf6 29. Nc6 Rd6 30. b3 f4 31. Nxa7 e3 32. fxe3 fxe3 33. a4
e2 34. Rc1 Ba6 0-1

[Event "III Memorial Oliver Gonzalez (Torneo A)"]
[Site "Polideportivo Daoiz y Velarde,"]
[Date "2012.09.02"]
[Round "2"]
[White "Veiga Rodriguez, Pablo"]
[Black "Cardenas Serrano, Sergio"]
[Result "0-1"]
[WhiteElo "1602"]
[BlackElo "2123"]
[PlyCount "120"]
[EventDate "2012.09.01"]
[EventRounds "9"]
[EventCountry "ESP"]

1. e4 c5 2. Nf3 e6 3. Nc3 a6 4. d4 cxd4 5. Nxd4 Qc7 6. g3 Bb4 7. Bd2 Nf6 8. Bg2
Nc6 9. Nb3 Be7 10. O-O O-O 11. a4 d6 12. Bf4 Ne5 13. Bxe5 dxe5 14. Qe2 b6 15.
Rfd1 Bb7 16. Rd3 Rac8 17. Rad1 Bb4 18. Na2 Qc4 19. Re3 a5 20. Qxc4 Rxc4 21.
Nxb4 Rxb4 22. Rd6 g6 23. f3 Rc8 24. Rc3 Kg7 25. Bf1 g5 26. g4 Rb8 27. Rc4 Rxc4
28. Bxc4 Rc8 29. Nd2 Rc6 30. Rxc6 Bxc6 31. Bb5 Bxb5 32. axb5 Nd7 33. Kf2 Kf8
34. Ke3 Ke7 35. Nc4 f6 36. c3 Kd8 37. Nd6 Kc7 38. Ne8+ Kd8 39. Nd6 Nc5 40. Nc4
Kc7 41. b4 axb4 42. cxb4 Nb3 43. Na3 Nd4 44. Kf2 Kd7 45. Ke3 f5 46. exf5 exf5
47. gxf5 Nxf5+ 48. Ke4 Ke6 49. Nc4 Nd6+ 50. Nxd6 Kxd6 51. Kf5 h6 52. Ke4 Ke6
53. Ke3 Kf5 54. h3 h5 55. Kf2 Kf4 56. Kg2 Ke3 57. Kg3 e4 58. fxe4 Kxe4 59. Kf2
Kd4 60. Kf3 Kc4 0-1

[Event "III Memorial Oliver Gonzalez (Torneo A)"]
[Site "Polideportivo Daoiz y Velarde,"]
[Date "2012.09.02"]
[Round "2"]
[White "Pascual Palomo, Lucia"]
[Black "Hernandez Gutierrez, Jose"]
[Result "1-0"]
[WhiteElo "2120"]
[BlackElo "1877"]
[PlyCount "105"]
[EventDate "2012.09.01"]
[EventRounds "9"]
[EventCountry "ESP"]

1. e4 c5 2. Nf3 e6 3. g3 Nc6 4. Bg2 g6 5. O-O Bg7 6. c3 Nge7 7. Na3 O-O 8. d4
cxd4 9. cxd4 d5 10. e5 a6 11. Nc2 Qb6 12. b3 Bd7 13. Bg5 Rac8 14. Qd2 Kh8 15.
Ne3 f6 16. exf6 Bxf6 17. Bxf6+ Rxf6 18. Ng4 Rxf3 19. Bxf3 Qxd4 20. Qxd4+ Nxd4
21. Bg2 Nec6 22. Rad1 Kg7 23. Rfe1 Rf8 24. f4 Nf5 25. Rc1 Nfd4 26. Ne5 Nxe5 27.
Rxe5 Nc6 28. Ree1 Rc8 29. a3 Kf6 30. Kf2 Ke7 31. Bxd5 Kd6 32. Bc4 Re8 33. Rcd1+
Kc7 34. b4 e5 35. Bd5 Rf8 36. Bxc6 Bxc6 37. Rxe5 Rf7 38. Ke3 Bd7 39. Rd4 b6 40.
Rde4 Kd6 41. Kd4 Bf5 42. Rd5+ Kc6 43. Re8 Rd7 44. Rc8+ Kb7 45. Rxd7+ Bxd7 46.
Rg8 Kc6 47. Rg7 Bf5 48. Rxh7 a5 49. bxa5 bxa5 50. Rf7 Kb5 51. Rxf5+ gxf5 52.
Kc3 Ka4 53. Kb2 1-0

[Event "III Memorial Oliver Gonzalez (Torneo A)"]
[Site "Polideportivo Daoiz y Velarde,"]
[Date "2012.09.03"]
[Round "3"]
[White "Arribas Lopez, Angel"]
[Black "Fedorchuk, Sergey A"]
[Result "1-0"]
[WhiteElo "2467"]
[BlackElo "2646"]
[PlyCount "67"]
[EventDate "2012.09.01"]
[EventRounds "9"]
[EventCountry "ESP"]

1. d4 Nf6 2. Nf3 e6 3. e3 c5 4. Bd3 d5 5. b3 Nc6 6. O-O cxd4 7. exd4 Bd6 8. Re1
b6 9. Bg5 Bb7 10. Nbd2 Rc8 11. c3 Ne7 12. Bb5+ Kf8 13. Rc1 Ng6 14. Nh4 Qc7 15.
Nxg6+ hxg6 16. g3 Rh5 17. Be3 Ke7 18. Be2 Rh7 19. Bf3 Rch8 20. Nf1 Rc8 21. c4
Ba3 22. Bf4 Qd7 23. Rc2 Rhh8 24. Ne3 Bb4 25. Ree2 dxc4 26. d5 cxb3 27. Rxc8
Rxc8 28. Qxb3 Bc5 29. Bg5 Qc7 30. Ng4 Bd4 31. d6+ Kxd6 32. Bf4+ e5 33. Nxe5 Qc3
34. Nxf7+ 1-0

[Event "III Memorial Oliver Gonzalez (Torneo A)"]
[Site "Polideportivo Daoiz y Velarde,"]
[Date "2012.09.03"]
[Round "3"]
[White "Kravtsiv, Martyn"]
[Black "Rubio Mejia, Luis Ignacio"]
[Result "1-0"]
[WhiteElo "2581"]
[BlackElo "2430"]
[PlyCount "59"]
[EventDate "2012.09.01"]
[EventRounds "9"]
[EventCountry "ESP"]

1. e4 c5 2. Nf3 d6 3. d4 cxd4 4. Nxd4 Nf6 5. Nc3 a6 6. Be3 e5 7. Nb3 Be6 8. h3
Be7 9. Qf3 Nbd7 10. g4 g6 11. O-O-O Rc8 12. Qg2 Qc7 13. f4 exf4 14. Bxf4 Ne5
15. Kb1 Nfd7 16. g5 Nb6 17. h4 Nbc4 18. Nd5 Bxd5 19. exd5 Qb6 20. Bxc4 Nxc4 21.
Rhe1 Rc7 22. Rd4 O-O 23. Rxe7 Rxe7 24. Rxc4 Re1+ 25. Nc1 Rfe8 26. b3 Rg1 27.
Qf3 Qa5 28. Be3 Re1 29. Bd4 Qd2 30. Bb2 1-0